[Event "Biel Rapid op 58th"]
[Site "Biel"]
[Date "2025.07.13"]
[Round "6"]
[White "Menzi, Jonas"]
[Black "Maier, Christian"]
[Result "0-1"]
[WhiteElo "2124"]
[BlackElo "2224"]
[PlyCount "36"]
[EventDate "2025.07.13"]
[EventType "swiss (rapid)"]
[EventRounds "9"]
[EventCountry "SUI"]
[SourceTitle "CB29_2025"]
[SourceDate "2025.07.16"]
[SourceVersion "1"]
[SourceVersionDate "2025.07.16"]
[SourceQuality "1"]

1. e4 e5 2. Nf3 Nc6 3. Bb5 a6 4. Ba4 Nf6 5. 0-0 Be7 6. Re1 b5 7. Bb3 0-0 8. a4 d5 9. exd5 e4 10. dxc6 exf3 11. Qxf3 Bg4 12. Qg3 Bd6 13. Qh4 Re8 14. f3 Bc5+ 15. Kh1 Qd4 16. Rf1 Re2 17. fxg4 Nxg4 18. Rxf7 Qg1# 0-1

[Event "Solta op 8th"]
[Site "Grohote"]
[Date "2025.07.06"]
[Round "9"]
[White "Maier, Christian"]
[Black "Medvesek, Janez"]
[Result "1/2-1/2"]
[WhiteElo "2224"]
[BlackElo "1945"]
[PlyCount "20"]
[EventDate "2025.06.29"]
[EventType "swiss"]
[EventRounds "9"]
[EventCountry "CRO"]
[SourceTitle "CB28_2025"]
[SourceDate "2025.07.09"]
[SourceVersion "1"]
[SourceVersionDate "2025.07.09"]
[SourceQuality "1"]

1. e4 c6 2. d4 d5 3. exd5 cxd5 4. Bd3 Nc6 5. c3 Nf6 6. Bf4 Bg4 7. Qb3 Qd7 8. Nd2 e6 9. Ngf3 Bd6 10. Ne5 Qc7 1/2-1/2

[Event "Kuressaare Saaremaa Rapid op"]
[Site "Kuressaare"]
[Date "2025.06.01"]
[Round "8"]
[White "Rychagov, Nikita1"]
[Black "Maier, Christian"]
[Result "1-0"]
[WhiteElo "2231"]
[BlackElo "2224"]
[PlyCount "63"]
[EventDate "2025.05.31"]
[EventType "swiss (rapid)"]
[EventRounds "11"]
[EventCountry "EST"]
[SourceTitle "CB28_2025"]
[SourceDate "2025.07.09"]
[SourceVersion "1"]
[SourceVersionDate "2025.07.09"]
[SourceQuality "1"]

1. e4 e5 2. Nf3 Nc6 3. Bb5 Nf6 4. 0-0 Nxe4 5. Re1 Nd6 6. Nxe5 Be7 7. Bf1 Nxe5 8. Rxe5 0-0 9. d4 Bf6 10. Re1 Nf5 11. d5 d6 12. a4 a5 13. Nd2 Bd7 14. Ne4 Re8 15. Ra3 h6 16. c4 Be5 17. g3 Qe7 18. Rd3 c5 19. dxc6 Bxc6 20. Nc3 Qf6 21. Nd5 Bxd5 22. Rxd5 Ne7 23. Rb5 Bd4 24. Be3 Bxb2 25. Qc2 Bd4 26. Bxd4 Qxd4 27. Rxb7 Nc6 28. Rd1 Qf6 29. Bg2 Nd4 30. Qd3 Re2 31. Qxd4 Re1+ 32. Bf1 1-0

[Event "Kuressaare Saaremaa Rapid op"]
[Site "Kuressaare"]
[Date "2025.05.31"]
[Round "5"]
[White "Maier, Christian"]
[Black "Smeets, Jan"]
[Result "0-1"]
[WhiteElo "2224"]
[BlackElo "2566"]
[PlyCount "112"]
[EventDate "2025.05.31"]
[EventType "swiss (rapid)"]
[EventRounds "11"]
[EventCountry "EST"]
[SourceTitle "CB28_2025"]
[SourceDate "2025.07.09"]
[SourceVersion "1"]
[SourceVersionDate "2025.07.09"]
[SourceQuality "1"]

1. e4 c5 2. Nf3 e6 3. d3 d5 4. Nbd2 Nc6 5. g3 b6 6. Bg2 dxe4 7. Nxe4 Bb7 8. 0-0 Be7 9. Re1 Qd7 10. Nfg5 h6 11. Nf3 Rd8 12. b3 Nf6 13. Bb2 Nd4 14. a4 0-0 15. a5 b5 16. a6 Ba8 17. Ne5 Qc7 18. f4 Qb6 19. Kh1 Rfe8 20. Nxf6+ Bxf6 21. Bxa8 Rxa8 22. Bxd4 cxd4 23. Qf3 Rac8 24. Nd7 Qc6 25. Nxf6+ gxf6 26. Qxc6 Rxc6 27. Re2 Rec8 28. Ra2 f5 29. Kg2 Kf8 30. Kf3 Ke7 31. h3 h5 32. Kf2 Rc5 33. Ke1 Kd6 34. b4 Rd5 35. Kd2 Kc6 36. Ra1 Kb6 37. Rg2 Rg8 38. h4 Rc8 39. Ra2 Rc6 40. Re2 Kc7 41. Ra5 Kd7 42. Re1 Rc8 43. Rg1 Rc6 44. Re1 Ke7 45. Re5 Rxe5 46. fxe5 Rb6 47. Ke2 f6 48. exf6+ Kxf6 49. Kd2 e5 50. c3 dxc3+ 51. Kxc3 f4 52. gxf4 exf4 53. Ra1 Kf5 54. Rg1 f3 55. Kd4 Kf4 56. Kc3 f2 0-1

[Event "Kuressaare Saaremaa Blitz op"]
[Site "Kuressaare"]
[Date "2025.05.30"]
[Round "7"]
[White "Giri, Anish"]
[Black "Maier, Christian"]
[Result "1-0"]
[WhiteElo "2748"]
[BlackElo "2224"]
[PlyCount "77"]
[EventDate "2025.05.30"]
[EventType "swiss (blitz)"]
[EventRounds "11"]
[EventCountry "EST"]
[SourceTitle "CB28_2025"]
[SourceDate "2025.07.09"]
[SourceVersion "1"]
[SourceVersionDate "2025.07.09"]
[SourceQuality "1"]

1. Nf3 Nc6 2. c4 e5 3. d3 Nf6 4. Nc3 Bb4 5. Bd2 0-0 6. g3 Re8 7. Bg2 h6 8. 0-0 a6 9. a3 Bxc3 10. Bxc3 Rb8 11. b4 b5 12. Nd2 d5 13. Rc1 bxc4 14. dxc4 Bb7 15. cxd5 Nxd5 16. Ba1 Nd4 17. e3 Nb5 18. Nc4 e4 19. Qb3 Qg5 20. Rfd1 Rbd8 21. a4 Nd6 22. Na5 Ba8 23. Rc5 Nc8 24. h4 Qf5 25. Rd4 Qg6 26. Rcxd5 Bxd5 27. Rxd5 Rxd5 28. Qxd5 Nd6 29. h5 Qg4 30. Bc3 Re6 31. Nb3 Nf5 32. Nc5 Rd6 33. Qa8+ Kh7 34. Qxe4 Rd1+ 35. Kh2 Qxh5+ 36. Bh3 g6 37. Qe5 Rd8 38. Qf6 Qf3 39. Qxf7+ 1-0

[Event "EU-chT Seniors 65"]
[Site "Swidnica"]
[Date "2025.04.08"]
[Round "4.13"]
[White "Maier, Christian"]
[Black "Westerinen, Heikki MJ"]
[Result "1/2-1/2"]
[WhiteElo "2233"]
[BlackElo "2209"]
[PlyCount "117"]
[EventDate "2025.04.05"]
[EventType "team-tourn"]
[EventRounds "9"]
[EventCountry "POL"]
[SourceTitle "CB16_2025"]
[SourceDate "2025.04.16"]
[SourceVersion "1"]
[SourceVersionDate "2025.04.16"]
[SourceQuality "1"]
[WhiteTeam "Zaehringen 65"]
[BlackTeam "Finland 65"]
[WhiteTeamCountry "GER"]
[BlackTeamCountry "FIN"]

1. e4 e6 2. d4 d5 3. Nc3 dxe4 4. Nxe4 Bd7 5. Nf3 Bc6 6. Bd3 Nd7 7. Bf4 Ngf6 8. Nxf6+ Nxf6 9. 0-0 Bxf3 10. Qxf3 c6 11. c3 Qd5 12. Qxd5 Nxd5 13. Bd2 0-0-0 14. Rfd1 Be7 15. a4 c5 16. dxc5 Bxc5 17. Be2 e5 18. b4 Be7 19. Rab1 f5 20. c4 Nf4 21. Bf1 Ne6 22. a5 Rd7 23. Bc3 Nd4 24. Bxd4 Rxd4 25. Rxd4 exd4 26. Bd3 g6 27. c5 a6 28. Kf1 Bg5 29. Ke2 Re8+ 30. Kd1 Kc7 31. Kc2 Bh4 32. Rf1 Bg5 33. Rd1 Bh4 34. g3 Bf6 35. Kb3 Re7 36. Kc4 Kc6 37. Bf1 Kc7 38. Kd3 Kc6 39. Kc4 Kc7 40. Bd3 Re8 41. Rb1 Re7 42. Rh1 Re5 43. h4 h5 44. Rb1 Re7 45. b5 axb5+ 46. Rxb5 Re1 47. Rb1 Re5 48. Rb6 Be7 49. Kxd4 Rxc5 50. Re6 Bd6 51. Rxg6 Rxa5 52. f4 Bb4 53. Rg5 Be1 54. Ke3 Ra3 55. Ke2 b5 56. Rxh5 Bxg3 57. Rxf5 Bxh4 58. Rxb5 Kd6 59. Rh5 1/2-1/2

[Event "Wch Seniors 65 32nd"]
[Site "Porto Santo"]
[Date "2024.11.27"]
[Round "10"]
[White "Sunye Neto, Jaime"]
[Black "Maier, Christian"]
[Result "0-1"]
[WhiteElo "2374"]
[BlackElo "2234"]
[PlyCount "44"]
[EventDate "2024.11.17"]
[EventType "swiss"]
[EventRounds "11"]
[EventCountry "POR"]
[SourceTitle "CB49_2024"]
[SourceDate "2024.12.04"]
[SourceVersion "1"]
[SourceVersionDate "2024.12.04"]
[SourceQuality "1"]

1. c4 e5 2. Nc3 Nf6 3. Nf3 Nc6 4. g3 Bb4 5. Bg2 Bxc3 6. bxc3 0-0 7. 0-0 Re8 8. d3 d6 9. e4 a6 10. a4 Bd7 11. Ne1 h6 12. Nc2 Na5 13. Ne3 b5 14. axb5 axb5 15. cxb5 Bxb5 16. f4 Bd7 17. fxe5 dxe5 18. Ra2 Be6 19. Raf2 Nb3 20. Rxf6 gxf6 21. Ng4 Ra1 22. Nxh6+ Kf8 0-1

[Event "Wch Seniors 65 32nd"]
[Site "Porto Santo"]
[Date "2024.11.21"]
[Round "5"]
[White "Maier, Christian"]
[Black "Kowalczuk, Wojciech"]
[Result "1-0"]
[WhiteElo "2234"]
[BlackElo "1926"]
[PlyCount "111"]
[EventDate "2024.11.17"]
[EventType "swiss"]
[EventRounds "11"]
[EventCountry "POR"]
[SourceTitle "CB49_2024"]
[SourceDate "2024.12.04"]
[SourceVersion "1"]
[SourceVersionDate "2024.12.04"]
[SourceQuality "1"]

1. e4 e5 2. Nf3 Nf6 3. Nc3 Bb4 4. Nxe5 Qe7 5. Nf3 Bxc3 6. dxc3 Qxe4+ 7. Be2 0-0 8. Bg5 Re8 9. Bxf6 gxf6 10. Qd2 Nc6 11. 0-0 d6 12. Rfe1 Bd7 13. Bd3 Qg4 14. Qh6 Qg7 15. Qxg7+ Kxg7 16. Nd4 a6 17. f4 Rxe1+ 18. Rxe1 Re8 19. Rxe8 Bxe8 20. Nf5+ Kf8 21. Ne3 Ne7 22. Bxh7 Bd7 23. Bd3 f5 24. Kf2 Kg7 25. Be2 Be6 26. c4 Kf6 27. Bf3 c6 28. Ke2 Nc8 29. Kd3 Nb6 30. a3 Ke7 31. Kd4 Kf6 32. b3 Ke7 33. c5 dxc5+ 34. Kxc5 Nd7+ 35. Kd4 Nb6 36. c4 Nd7 37. b4 Kd6 38. c5+ Ke7 39. Bd1 Kf6 40. Bc2 Nf8 41. Bd3 Bc8 42. Nc4 Ne6+ 43. Ke3 Nd8 44. Nd6 Be6 45. h3 Bd7 46. Bc4 Ke7 47. Bd3 Kf6 48. Kf3 Be6 49. g4 fxg4+ 50. hxg4 Ke7 51. g5 Bb3 52. Bf5 Be6 53. Ke4 b5 54. Ke5 Bxf5 55. Nxf5+ Kd7 56. Kf6 1-0

[Event "Wch Seniors 65 32nd"]
[Site "Porto Santo"]
[Date "2024.11.20"]
[Round "4"]
[White "Carvalho, Herbert Abreu"]
[Black "Maier, Christian"]
[Result "1/2-1/2"]
[WhiteElo "2129"]
[BlackElo "2234"]
[PlyCount "39"]
[EventDate "2024.11.17"]
[EventType "swiss"]
[EventRounds "11"]
[EventCountry "POR"]
[SourceTitle "CB49_2024"]
[SourceDate "2024.12.04"]
[SourceVersion "1"]
[SourceVersionDate "2024.12.04"]
[SourceQuality "1"]

1. Nf3 Nf6 2. c4 e6 3. g3 d5 4. d4 c5 5. cxd5 exd5 6. Bg2 Nc6 7. 0-0 Be7 8. dxc5 Bxc5 9. Bg5 Be7 10. Nc3 0-0 11. Bxf6 Bxf6 12. Qxd5 Qxd5 13. Nxd5 Bxb2 14. Rab1 Ba3 15. Rfd1 Rb8 16. Nd4 Nxd4 17. Rxd4 Bc5 18. Rc4 Bd6 19. Ra4 a6 20. e4 1/2-1/2

[Event "Bayern-chI Bank Hofmann 27th"]
[Site "Gmund am Tegernsee"]
[Date "2024.10.31"]
[Round "6"]
[White "Rudolph, Alexander"]
[Black "Maier, Christian"]
[Result "0-1"]
[WhiteElo "1873"]
[BlackElo "2234"]
[PlyCount "78"]
[EventDate "2024.10.26"]
[EventType "swiss"]
[EventRounds "9"]
[EventCountry "GER"]
[SourceTitle "CB45_2024"]
[Source "ChessBase"]
[SourceDate "2024.11.06"]
[SourceVersion "1"]
[SourceVersionDate "2024.11.06"]
[SourceQuality "1"]

1. e4 e5 2. Nf3 Nc6 3. Bc4 Be7 4. d4 d6 5. 0-0 Nf6 6. Nc3 0-0 7. h3 a6 8. a4 h6 9. a5 Re8 10. d5 Nb8 11. b4 Nbd7 12. Be3 Nf8 13. Bd3 Ng6 14. Ne2 Nh5 15. Qd2 Bf8 16. g4 Qf6 17. Kg2 Qxf3+ 18. Kh2 Nhf4 19. Nxf4 Nxf4 20. Bxf4 Qxf4+ 21. Qxf4 exf4 22. c4 g6 23. Rac1 Bd7 24. c5 Bb5 25. Bxb5 axb5 26. cxd6 Bxd6 27. f3 Kg7 28. a6 Rxa6 29. Rc6 bxc6 30. h4 cxd5 31. g5 dxe4 32. gxh6+ Kh7 33. h5 e3 34. hxg6+ fxg6 35. Kh3 Ra2 36. Rh1 Re5 37. Rh2 Rxh2+ 38. Kg4 Re4 39. Kg5 Be7+ 0-1

[Event "WchT Seniors 65"]
[Site "Krakow"]
[Date "2024.07.11"]
[Round "9.1"]
[White "Maier, Christian"]
[Black "Gruenfeld, Yehuda"]
[Result "0-1"]
[WhiteElo "2247"]
[BlackElo "2397"]
[PlyCount "50"]
[EventDate "2024.07.02"]
[EventType "team-swiss"]
[EventRounds "9"]
[EventCountry "POL"]
[SourceTitle "CBM 221 Extra"]
[Source "ChessBase"]
[SourceDate "2024.09.30"]
[SourceVersion "1"]
[SourceVersionDate "2024.09.30"]
[SourceQuality "1"]
[WhiteTeam "Germany Zaehringen 65"]
[BlackTeam "Israel 65"]
[WhiteTeamCountry "GER"]
[BlackTeamCountry "ISR"]

1. e4 c5 2. Nf3 d6 3. d4 cxd4 4. Nxd4 Nf6 5. Nc3 a6 6. h3 e6 7. Qf3 Qb6 8. Nb3 Nbd7 9. Be3 Qc7 10. g4 Ne5 11. Qg3 b5 12. f4 Nc4 13. Bxc4 bxc4 14. Nd2 d5 15. exd5 Bb7 16. 0-0 Nxd5 17. Nxd5 Bxd5 18. Nf3 Bd6 19. Rad1 0-0 20. b3 Rac8 21. Nd4 Ba8 22. h4 Rfd8 23. g5 Qb7 24. Qh3 cxb3 25. cxb3 Rc3 0-1

[Event "SUI-chT"]
[Site "Switzerland"]
[Date "2023.10.15"]
[Round "9.4"]
[White "Hochstrasser, Michael"]
[Black "Maier, Christian"]
[Result "1/2-1/2"]
[WhiteElo "2335"]
[BlackElo "2303"]
[PlyCount "125"]
[EventDate "2023.04.16"]
[EventType "team-tourn"]
[EventRounds "9"]
[EventCountry "SUI"]
[SourceTitle "EXT 2025"]
[Source "ChessBase"]
[SourceDate "2024.10.14"]
[SourceVersion "1"]
[SourceVersionDate "2024.10.14"]
[SourceQuality "1"]
[WhiteTeam "Wollishofen"]
[BlackTeam "Reti"]
[WhiteTeamCountry "SUI"]
[BlackTeamCountry "SUI"]

1. d4 Nf6 2. c4 e6 3. Nc3 Bb4 4. e3 0-0 5. Bd3 d5 6. a3 Bxc3+ 7. bxc3 dxc4 8. Bxc4 c5 9. Ne2 Qc7 10. Bd3 b6 11. e4 cxd4 12. cxd4 Ba6 13. 0-0 Bxd3 14. Qxd3 Qb7 15. f3 Qa6 16. Qxa6 Nxa6 17. Bf4 Nd7 18. Rac1 Rfc8 19. Nc3 f6 20. Nb5 e5 21. dxe5 fxe5 22. Bg3 Nac5 23. Rfd1 a6 24. Nd6 Rc6 25. Rd5 Ra7 26. Rcd1 Nf6 27. R5d2 Ncd7 28. Ne8 Re6 29. Nxf6+ Nxf6 30. Rd6 Rae7 31. Bf2 b5 32. Be1 Kf7 33. Bb4 Rxd6 34. Rxd6 Re6 35. Rd8 Re8 36. Rd6 Re6 37. Rd8 Re8 38. Rd3 Re6 39. Kf2 Rc6 40. Rd2 Ke6 41. g4 Nd7 42. Kg3 Nb6 43. Rd8 Nc4 44. Ra8 g5 45. Ra7 a5 46. Bxa5 Nxa3 47. Rxh7 Rc2 48. Bd8 Nb1 49. Bxg5 Nc3 50. Rb7 Ne2+ 51. Kh4 Nd4 52. Kh5 Rxh2+ 53. Kg6 Nxf3 54. Rb6+ Kd7 55. Rxb5 Rg2 56. Rb7+ Kc6 57. Rf7 Nh2 58. Kf5 Rf2+ 59. Ke6 Rxf7 60. Kxf7 Nxg4 61. Ke6 Nf2 62. Kxe5 Nxe4 63. Kxe4 1/2-1/2